000 01194nam a2200325 i 4500
001 198527
003 ES-MaACL
005 20260625180402.0
007 ta
008 260625s2025 sp a|||| |||| 001 0 spa d
017 _aM 12616-2025
_bOficina Depósito Legal Madrid
022 _a1989-4473
040 _aES-MaACL
_bspa
_cES-MaACL
_erda
100 1 _aArana Mariscal, Ricardo
_4aut
_9243279
_eaut
245 1 0 _aPensamiento crítico y educación /
_cautoría, Ricardo Arana Mariscal (y otros cinco)
264 1 _aMadrid :
_bFundación 1º de Mayo :
_bInstituto de Estudios Educativos y Sindicales,
_c2025
264 4 _c©2025
300 _a63 páginas :
_bilustraciones, gráficos (color) ;
_c30 cm
336 _2rdacontent
_aTexto
337 _2rdamedia
_asin mediación
338 _2rdacarrier
_avolumen
490 0 _aColección Informes ;
_vnúmero 178
500 _aRegistro provisional
500 _aEjemplar firmado y dedicado por el autor
504 _aIncluye referencias bibliográficas e índice
852 _aES-MaACL
_cDES
_jDB-254
_gDedicatoria autógrafa del autor
_hDonación: J. Porto
_xEncuadernación rústica
942 _cMONOGRAFIA
_n0
999 _c198527
_d198527